[Event "Corona-Open, Biel"]
[Site "?"]
[Date "2020.07.24"]
[Round "5.27"]
[White "Fecker, Jan"]
[Black "Moerwald, Miriam"]
[Result "1-0"]
[WhiteElo "1898"]
[BlackElo "1760"]
[PlyCount "117"]
[EventDate "2020.07.25"]
[SourceVersionDate "2020.07.25"]

1. d4 d5 2. Bf4 c5 3. e3 Nc6 4. c3 Nf6 5. Nd2 Bf5 6. Ngf3 e6 7. Be2 h6 8. Ne5
c4 9. O-O Qc8 10. a4 a6 11. Re1 Be7 12. Qc1 Nxe5 13. Bxe5 O-O 14. Bd1 b5 15.
Bc2 Bxc2 16. Qxc2 Ng4 17. Bg3 b4 18. e4 Re8 19. h3 Nf6 20. f4 Nh5 21. Bh2 Bh4
22. Re3 b3 23. Qd1 g6 24. Nf3 Bg3 25. Bxg3 Nxg3 26. Nd2 Nh5 27. Qf3 Qd7 28. g4
Ng7 29. Nf1 Rad8 30. Ng3 Re7 31. e5 a5 32. Re2 Ra8 33. Rf2 Ra6 34. h4 Kh7 35.
h5 Ra8 36. f5 exf5 37. gxf5 gxf5 38. Nxf5 Nxf5 39. Qxf5+ Qxf5 40. Rxf5 Rg8+ 41.
Kh2 Rg5 42. Raf1 Kg7 43. Kh3 Rxf5 44. Rxf5 Re6 45. Kg4 Rb6 46. Rf2 Ra6 47. Kf5
Rb6 48. Rg2+ Kh7 49. Rg3 Ra6 50. Re3 Re6 51. Re1 Kg7 52. Rg1+ Kh7 53. Rg6 fxg6+
54. Kxe6 g5 55. Kxd5 Kg7 56. Kxc4 Kf7 57. d5 Ke7 58. Kd4 Kd7 59. c4 1-0

[Event "Corona-Open, Biel"]
[Site "?"]
[Date "2020.07.24"]
[Round "5.28"]
[White "Brandt, Daniel"]
[Black "Kipper, Siegfried"]
[Result "1/2-1/2"]
[WhiteElo "1872"]
[BlackElo "1749"]
[Annotator "olive"]
[PlyCount "72"]
[EventDate "2020.07.25"]
[SourceVersionDate "2020.07.25"]

1. c4 c5 2. g3 Nc6 3. Bg2 g6 4. Nc3 Bg7 5. Nf3 Nf6 6. d4 cxd4 7. Nxd4 O-O 8.
Nc2 d6 9. O-O Be6 10. Ne3 Qc8 11. Rb1 Bh3 12. b3 Bxg2 13. Nxg2 Rd8 14. e4 e5
15. f3 Nd4 16. Be3 Ne6 17. Qd2 Rd7 18. Rbc1 Qf8 19. Rc2 b6 20. Rd1 Rad8 21. Qc1
Ne8 22. Ne1 f5 23. Bf2 Bh6 {(=)} 24. Qb2 Nc5 25. b4 Ne6 26. c5 Nd4 27. Bxd4
exd4 28. Nd5 dxc5 29. Qb3 Kh8 30. bxc5 bxc5 31. Nd3 fxe4 32. fxe4 Qf3 33. Nf2
Be3 34. Rf1 Rf7 35. Nf4 Rxf4 36. gxf4 Qg4+ 1/2-1/2

[Event "Corona-Open, Biel"]
[Site "?"]
[Date "2020.07.24"]
[Round "5.29"]
[White "Roth, Daniel"]
[Black "Freiburghaus, Simon"]
[Result "1/2-1/2"]
[WhiteElo "1863"]
[BlackElo "1717"]
[PlyCount "36"]
[EventDate "2020.07.25"]
[SourceVersionDate "2020.07.25"]

1. e4 c5 2. Nf3 Nc6 3. d4 cxd4 4. Nxd4 e6 5. Be2 Nf6 6. Nxc6 bxc6 7. Nd2 Qc7 8.
O-O d5 9. exd5 cxd5 10. Nb3 Bd6 11. h3 O-O 12. Be3 Bb7 13. c3 a6 14. Bd3 e5 15.
Rc1 h6 16. Qe2 Rfe8 17. Bb1 a5 18. Rfd1 Ba6 1/2-1/2

[Event "Corona-Open, Biel"]
[Site "?"]
[Date "2020.07.24"]
[Round "5.30"]
[White "Stoecklin, Carlo"]
[Black "Lachausse, Bruno"]
[Result "1/2-1/2"]
[WhiteElo "1857"]
[BlackElo "1692"]
[Annotator "olive"]
[PlyCount "136"]
[EventDate "2020.07.25"]
[SourceVersionDate "2020.07.25"]

1. e4 c5 2. Nf3 e6 3. c4 Nc6 4. d4 cxd4 5. Nxd4 Nf6 6. Nc3 Bb4 7. f3 O-O 8. Be3
d5 9. cxd5 exd5 10. Nxc6 bxc6 11. e5 Nd7 12. f4 a5 13. a3 Bc5 14. Qd2 Qb6 15.
Bxc5 Nxc5 16. Rb1 Bf5 17. Rd1 Nb3 18. Qf2 Rfb8 19. Bd3 Bg4 20. Be2 Bxe2 21.
Qxe2 Nd4 22. Qf2 Nf5 23. Rd2 Qe3+ 24. Qxe3 Nxe3 25. Nd1 Nc4 26. Rc2 Rb3 27. O-O
Rab8 28. Rff2 g6 29. Rfe2 Kf8 30. h3 Ke7 31. Kf1 h5 32. Kf2 Ke6 33. g3 R8b6 34.
Kg2 {(=)} Kd7 35. Kh2 Rb8 36. Kg2 Rd3 37. Nf2 Ne3+ 38. Kh2 Nxc2 39. Nxd3 Nd4
40. Rf2 Rb5 41. Kg2 Ke6 42. Rd2 Nb3 43. Rc2 Kd7 44. g4 hxg4 45. hxg4 a4 46. Nb4
Rc5 47. Kf2 Rxc2+ 48. Nxc2 c5 49. Ne3 Ke6 50. Ke2 Nd4+ 51. Kd3 Nf3 52. Kc2 Ng1
53. b3 axb3+ 54. Kxb3 Nh3 55. Ng2 Nf2 56. g5 Nd3 57. Kc3 c4 58. a4 Kd7 59. Kd4
Kc6 60. a5 Nb4 61. Ne3 Kb5 62. f5 gxf5 63. Nxf5 Nc6+ 64. Kxd5 c3 65. Ne3 Nd8
66. a6 Kxa6 67. Kd4 Ne6+ 68. Kxc3 Nxg5 1/2-1/2